| 000 | 00749nam a2200217Ia 4500 | ||
|---|---|---|---|
| 003 | CO-CtgCURN | ||
| 005 | 20250407215731.0 | ||
| 008 | 190723s9999 xx 000 0 und d | ||
| 020 | _a9789586539128 | ||
| 040 |
_aCO-CtgCURN _bspa _ccoctgcurn |
||
| 082 |
_a345.05 _bM753i |
||
| 100 |
_aMonroy Cabra, Marco Gerardo _d1940- _96430 |
||
| 245 | 0 |
_aIntroducción al derecho penal internacional / _cMarco Gerardo Monroy Cabra |
|
| 260 |
_aBogotá, Colombia : _bLegis, _c2011 |
||
| 300 |
_a291 páginas ; _c23 centímetros |
||
| 521 | _aAREA PROFESIONAL | ||
| 590 | _aPrograma de Derecho_18 | ||
| 650 |
_aDerecho penal _96431 |
||
| 942 |
_cBK _h345.05 _iM753i _2ddc _n0 |
||
| 999 |
_c28932 _d28932 |
||